000 00619nam a2200229Ia 4500
003 OSt
005 20221007071136.0
006 a|||||r|||| 00| 0
007 ta
008 221006b |||||||| |||| 00| 0 eng d
024 _a27,469
037 _cReports / Technical Reports
040 _aFLL
_cFLL
_beng
041 _2eng
_aeng
082 _aZ58:5, K4
100 _aFeldbrugge F.J.
_9688220
245 0 _aSoviet criminal law
260 _aLeyden
_bA.W. Sythoff
_c1964
300 _a291p
_ccm.
942 _hZ58:5, K4
_cREP
_2CC
999 _c1142565
_d1142565